000 00442nam a2200121Ia 4500
008 171212s9999 xx 000 0 und d
100 _aKatz, Steven T.
245 _cKatz, Steven T.
_aThe Essential Agus
_bThe Writings of Jacob B. Agus
260 _bNew York University Press
_c1997
650 _aHistory
650 _aJudaism; Philosophy, Jewish; Agus, Jacob B. (Jacob Bernard), 1911–1986
856 _uhttp://www.jstor.org/stable/j.ctt9qfs0p
999 _c351560
_d351560